000 00278nam a2200121Ia 4500
008 190216s9999||||xx |||||||||||||| ||und||
100 _aVishnu Prabhakar
245 0 _aHindi-Mukth Gaganmem
260 _b"Rajpal & Sons, Delhi"
300 _a222
650 _aHindi
942 _cBK
999 _c16349
_d16349